00526nam a2200145Ia 4500008004100000020001800041100002100059245004400080260003900124650005100163650001200214856004500226999001900271952009000290171212s9999 xx 000 0 und d a9780874212082 aJohnson, Kristin cJohnson, KristinaUnfortunate Emigrants bUniversity Press of Coloradoc1996 aDonner Party; Overland journeys to the Pacific aHistory uwww.jstor.org/stable/10.2307/j.ctt46nr9n c353185d353185 001040aCLbCLd2017-12-12l0oF868.N5U54 1996r2017-12-12 00:00:00w2017-12-12yCBE